| 000 | 00619nam a2200181Ia 4500 | ||
|---|---|---|---|
| 008 | 191130s1999##################000#0#eng## | ||
| 020 | _a9781858988153 | ||
| 040 |
_aACL _cACL |
||
| 082 | _a320.5322 BUK | ||
| 245 |
_aThe return of the left in post-communist states : current trends and future prospects _cedited by Charles Bukowski and Barnabas Racz |
||
| 260 |
_aCheltenham, UK _bNorthampton, MA, USA ; Edward Elgar, 1999 _cc1999 |
||
| 300 | _axiii, 169 p. ; 24 cm. | ||
| 650 | _aCommunist parties | ||
| 650 | _aPost-communism | ||
| 990 | _a6c410c58ac10000c5a8ea9d250242ca1 | ||
| 991 | _a183642 | ||
| 999 |
_c67339 _d67339 |
||